Tilastot visalle Toistensa naapurimaita olevat sisämaavaltiot

Klikkaa tästä pelataksesi tätä visaa!

Yleistilastot

  • Tätä visaa on pelattu 287 kertaa
  • Keskiarvotulos 26 / 33

Vastaustilastot

Valtio% Oikein
Sveitsi
96%
Itävalta
95%
Liechtenstein
92%
Slovakia
92%
Tšekki
91%
Unkari
91%
Kazakstan
85%
Turkmenistan
84%
Uzbekistan
84%
Kosovo
83%
Niger
83%
Serbia
83%
Kirgisia
82%
Tšad
82%
Tadžikistan
81%
Mali
80%
Etelä-Sudan
79%
Keski-Afrikan tasavalta
78%
Afganistan
77%
Pohjois-Makedonia
77%
Ruanda
77%
Uganda
76%
Zimbabwe
76%
Bolivia
75%
Paraguay
75%
Botswana
74%
Burundi
73%
Burkina
Faso
72%
Sambia
72%
Armenia
71%
Malawi
71%
Azerbaidžan
69%
Etiopia
66%

Tulosjakauma

Persentiili vastausten määrän mukaan

Jokaisen tuloksen saaneiden osuus

Tuloshistoriasi

Et ole pelannut tätä visaa